celebrity singers last names - Statistics

General Stats
  • This quiz has been taken 315 times
    300 since last reset
  • The average score is 24 of 33
Answer Stats
first letter of last name Hint Answer % Correct
p katy perry
99%
m bruno mars
97%
s taylor swift
97%
g selena gomez
96%
g ariana grande
96%
j jessie j
96%
b justin bieber
95%
s britney spears
95%
c miley cyrus
93%
t justin timberlake
93%
p elvis presley
92%
m nicki minaj
90%
d celine dion
89%
w robbie williams
89%
w pharrel williams
89%
h whitney houston
88%
j michael jackson
88%
m shawn mendes
88%
s ed sheeran
87%
l demi lovato
85%
l jennifer lopez
83%
c kelly clarkson
76%
t meghan trainor
72%
a christina aguilera
70%
d bob dylan
69%
c johnny cash
50%
j tom jones
45%
b david bowie
41%
a james arthur
35%
s nina simone
34%
b alexandra burke
18%
k molly king
8%
g rory graham
2%
No matching quizzes found
Score Distribution
Percent of People with Each Score
Percentile by Number Answered
Your Score History
You have not taken this quiz since the last reset